| 000 | 00799nmc a2200301 a 4500 | ||
|---|---|---|---|
| 003 | AR-BaBNM | ||
| 005 | 20251128203604.0 | ||
| 008 | 236019s1953 ||||||||||||||000 | spa|| | ||
| 040 | _cAR-BaBNM | ||
| 100 | 1 | _aAráoz de Lamadrid, Gregorio | |
| 245 | 1 | 0 |
_aMemorias _n3 |
| 260 |
_aBuenos Aires _bJackson _c1953 |
||
| 300 | 0 | _a329 p. | |
| 490 | 0 |
_aGrandes Escritores Argentinos _vv. 11 |
|
| 650 | 4 | _aHISTORIA MILITAR | |
| 650 | 4 | _aGUERRAS CIVILES ARGENTINAS | |
| 650 | 4 | _aREVOLUCION UNITARIA | |
| 650 | 4 | _aANARQUIA DE 1820 | |
| 650 | 4 | _aEPOCA DE ROSAS | |
| 650 | 4 | _aGOBIERNOS 1820-29 | |
| 650 | 4 | _aHISTORIA ARGENTINA | |
| 650 | 4 | _aBIOGRAFIAS | |
| 653 | _aMEMORIAS | ||
| 700 | 1 |
_aAramburu, Julio _eprologuista |
|
| 800 | 1 |
_aPalcos, Alberto _edirector |
|
| 942 | _cBK | ||
| 998 | _cisola | ||
| 999 |
_c4033 _d4033 |
||